Corporate Information Systems Management <The> Issues Facing Senior Executives
Uložené v:
| Hlavný autor: | |
|---|---|
| Ďalší autori: | |
| Médium: | Kniha |
| Jazyk: | English |
| Vydavateľské údaje: |
Homewood
Irwin
1983
|
| Vydanie: | 1. ed. |
| Predmet: | |
| Tagy: |
Žiadne tagy, Buďte prvý, kto otaguje tento záznam!
|
MARC
| LEADER | 00000nam a2200000 4500 | ||
|---|---|---|---|
| 001 | c002154 | ||
| 005 | 20221221074531.5 | ||
| 020 | |a 0-87094-347-2 | ||
| 041 | 0 | |a eng | |
| 044 | |a US | ||
| 245 | 1 | 0 | |a Corporate Information Systems Management |b <The> Issues Facing Senior Executives |c F.Warren MacFarlan, James L. MacKenney |
| 250 | |a 1. ed. | ||
| 264 | 1 | |a Homewood |b Irwin |c 1983 | |
| 300 | |a 211 s. | ||
| 610 | 2 | 0 | |a manažment |
| 610 | 2 | 0 | |a riadenie podnikové |
| 610 | 2 | 0 | |a korporácie |
| 610 | 2 | 0 | |a systémy informačné podnikové |
| 610 | 2 | 0 | |a AIS |
| 610 | 2 | 0 | |a využitie počítačov |
| 610 | 2 | 0 | |a služby informačné |
| 610 | 2 | 0 | |a výstavba systémov informačných |
| 610 | 2 | 0 | |a spracovanie dát |
| 610 | 2 | 0 | |a kontrola riadenia |
| 610 | 2 | 0 | |a pracovníci riadiaci |
| 100 | 1 | |a McFarlan, F. Warren | |
| 700 | 1 | |a Mackenney, James L. | |